000 00732cam a2200253 a 4500
999 _c7565
_d7565
001 118643
003 GBCCL
005 20241126110631.0
008 850502s1960 cauab b 000 0 eng d
035 _a(OCoLC)ocm11992907
040 _aMSB
_cMSB
_dOCLCQ
_dLBB
049 _aLBBK
050 4 _aBV4811
_b.V54 1960
082 _a242.2
_bVIG
090 _aBV4811
_b.V54 1960
092 _bV682-l
100 1 _aVigeveno, H. S.
_913363
245 1 2 _aA life, a cross, an empty tomb /
_cby H.S. Vigeveno.
260 _aGlendale, Calif. :
_bG/L Regal Books,
_c[1960?]
300 _a166 p. :
_bill., map ;
_c18 cm.
504 _aIncludes bibliographical references (p. 165-166).
650 0 _aDevotional calendars.
_91878
942 _2ddc
_cBK